00506nam a22001451a 450000100060000000300040000600500170001000800410002705000200006810000220008824501750011026400370028530000100032250000280033211660OSt20260204212251.0130502s2009||||dr ||||||b||||||||||spa|| aRD 036.93 G586d aGomez Morin, Lucy aDominicanismos diccionario para entender al dominicano: una recopilacion de palabras, fraces y expresiones que definen la indiosincracia del dominicano / Lucy Gomez Morin aRepública Dominicana : Canadex a171 P aIncluye bibliografiaÌ